1054 1070 1359 1517 1028 1724 1740 1419 1927 1714 1014 1710 1967 1269 1607 1830 1677 1274 1669 1790 1385 1137 1308 1401 1861 1866 1270 1606 1392 1772 1522 1660 1502 1234 1725 1869 1537 1235 1562 1080 1751 1297 1522 1257 1778 1913 1631 1499 1507 1303 1757 1341 1177 1138 1212 1161 1165 1984 1362 1601 1269 1441 1086 1032 1673 1825 1508 1723 1742 1425 1079 1917 1045 1932 1141 1549 1046 1311 1930 1727 1679 1032 1717 1872 1616 1413 1883 1940 1230 1336 1403 1783 1875 1583 1437 1407 1861 1302 1194 BCNSPRNW ULIB Ver.6.0+V

เปลี่ยนเป็นภาษาไทย

Change to English
 แสดงรายละเอียดบรรณานุกรม
  กลับหน้าหลัก

Brief Record : Get Marc (ISO 2709) : E-mail record : QR code < ปิดหน้าต่าง
LEADER : 00000nam 2200000uu 4500
001    13399111407
003     ULIB
008    110624s2549||||th 000 0 tha d
020    9741105347
060 04 WY100^bส732ท 2549
245 00 ทักษะพื้นฐานทางการพยาบาล =^bBasic skills in nursing /^cบรรณาธิการ, สิริรัตน์ ฉัตรชัยสุชา, ปรางค์ทิพย์ อุจะรัตน,ณัฐสุรางค์ บุญจันทร์
246 31 Basic skills in nursing
250    พิมพ์ครั้งที่ 1
260    กรุงเทพฯ :^bภาควิชาการพยาบาลรากฐาน คณะพยาบาลศาสตร์มหาวิทยาลัยมหิดล, ^c2549
300    xiii, 345 หน้า :^bภาพประกอบ ;^c26 ซม.
504    บรรณานุกรมและดรรชนี
650  7 การพยาบาล
700 0  สิริรัตน์ ฉัตรชัยสุชา;^eบรรณาธิการ
700 0  ปรางค์ทิพย์ อุจะรัตน;^eบรรณาธิการ
700 0  ณัฐสุรางค์ บุญจันทร์;^eบรรณาธิการ
710 2  มหาวิทยาลัยมหิดล. ^bคณะพยาบาลศาสตร์.^bภาควิชาการพยาบาลรากฐาน
945    ^p0^l0^i14845
945    ^p0^l0^i14555
945    ^p0^l0^i14287
945    ^p0^l0^i14286
945    ^p0^l0^i14285
945    ^p300^l0^i19653
995     เกษร
999    ^aใช้งานได้ทุกระบบ
รายการนี้ยังไม่มีแท็ก
คุณยังไม่ได้ล็อกอิน คุณสามารถมีกิจกรรมร่วมกับเว็บไซต์ได้ แต่ต้องล็อกอินก่อน ::
  ล็อกอิน

รายการสื่อสารสนเทศ

ลำดับที่ ประเภท เลขเรียก/บาร์โค้ด สถานที่ สถานะ
1. Book การพยาบาล
Book การพยาบาล
WY100 ส732ท 2549 ฉ.2 
  Barcode: 14286
ห้องสมุดวิทยาเขตนครสวรรค์
►หนังสือทั่วไป:l:General Books
บนชั้น
2. Book การพยาบาล
Book การพยาบาล
สถานะ=หนังสือเก่า
WY100 ส732ท 2549 ฉ.3 
  Barcode: 14287
ห้องสมุดวิทยาเขตนครสวรรค์
►หนังสือทั่วไป:l:General Books
บนชั้น
3. Book การพยาบาล
Book การพยาบาล
สถานะ=หนังสือเก่า
WY100 ส732ท 2549 ฉ.4 
  Barcode: 14555
ห้องสมุดวิทยาเขตนครสวรรค์
►หนังสือทั่วไป:l:General Books
บนชั้น
4. Book การพยาบาล
Book การพยาบาล
สถานะ=หนังสือเก่า
WY100 ส732ท 2549 ฉ.5 
  Barcode: 14845
ห้องสมุดวิทยาเขตนครสวรรค์
►หนังสือทั่วไป:l:General Books
บนชั้น
5. Book การพยาบาล
Book การพยาบาล
WY100 ส732ท 2549 ฉ.6 
  Barcode: 19653
ห้องสมุดวิทยาเขตนครสวรรค์
►หนังสือทั่วไป:l:General Books
บนชั้น

รายการใกล้เคียง
    หัวเรื่อง [การพยาบาล]

BibComment


ยังไม่เคยถูกคอมเมนท์

คอมเมนท์ทรัพยากรรายการนี้
  คอมเมนท์: ทักษะพื้นฐานทางกา..


 Copyright 2026. Bcnsprnw @Library